|
|
|
|
| LEADER |
02200cas a2200241 a 4500 |
| 001 |
AALejournalIMF017352 |
| 008 |
230101c9999 xx r poo 0 0eng d |
| 020 |
|
|
|c 50.00 USD
|
| 020 |
|
|
|z 9781475571301
|
| 022 |
|
|
|a 0252-3027
|
| 040 |
|
|
|a BD-DhAAL
|c BD-DhAAL
|
| 110 |
2 |
|
|a International Monetary Fund.
|b Statistics Dept.
|
| 245 |
1 |
0 |
|a International Financial Statistics , March 2017.
|
| 264 |
|
1 |
|a Washington, D.C. :
|b International Monetary Fund,
|c 2017.
|
| 300 |
|
|
|a 1 online resource (897 pages)
|
| 490 |
1 |
|
|a International Financial Statistics
|
| 500 |
|
|
|a <strong>Off-Campus Access:</strong> No User ID or Password Required
|
| 500 |
|
|
|a <strong>On-Campus Access:</strong> No User ID or Password Required
|
| 506 |
|
|
|a Electronic access restricted to authorized BRAC University faculty, staff and students
|
| 520 |
3 |
|
|a This paper explores the country tables normally include data on a country's exchange rates, IMF position, international liquidity, monetary statistics, interest rates, prices, production, labor, international transactions, government accounts, national accounts, and population. The International Financial Statistics (IFS) contains country tables for most IMF members, as well as for Anguilla, Aruba, the Central African Economic and Monetary Community (CEMAC), Curacao, the currency union of Curacao and Sint Maarten, the Eastern Caribbean Currency Union (ECCU), the euro area, Montserrat, the former Netherlands Antilles, Sint Maarten, the West African Economic Monetary Union (WAEMU), West Bank and Gaza, and some non-sovereign territorial entities for which statistics are provided internationally on a separate basis. Also, selected series are drawn from the country tables and published in area and world tables. Selected series, including data on IMF accounts, international reserves, and international trade, are drawn from the country tables and published in world tables as well.
|
| 538 |
|
|
|a Mode of access: Internet
|
| 830 |
|
0 |
|a International Financial Statistics; International Financial Statistics ;
|v No. 2017/003
|
| 856 |
4 |
0 |
|z Full text available on IMF
|u http://elibrary.imf.org/view/books/041/23960-9781475571301-en/23960-9781475571301-en-book.xml
|z IMF e-Library
|